000 00407pab a2200157 454500
008 180718b1997 xxu||||| |||| 00| 0 eng d
100 _aLing Hin Li
245 _aThe political economy of the privatisation of the land market in Shanghai
260 _c1997
300 _ap.321-35
362 _aFeb
650 _aLand use - China
650 _aLand economics
773 _aUrban Studies
909 _a34062
999 _c34062
_d34062